Русские землепроходцы и мореходы (Запис № 306654)

МАРК-запис
000 -Лідер
fixed length control field 00877nam a22002897a 4500
003 - Ідентифікатор контрольного номера
control field UA-OsUOA
001 - Контрольний номер
control field 20476
007 - Фіксоване поле фізичного опису
fixed length control field ta
008 - Елементи даних фіксованої довжини – загальна інформація
fixed length control field 20031029b un ||||| |||| 00| 0 ukr d
090 ## - Локальний шифр розміщення
Класифікаційний індекс УДК 910.4(470+571)
Авторський знак (НП) А18
040 ## - Джерело каталогізації
Агенція оригінальної каталогізації UA-OsUOA
Мова каталогізації rus
Агенція, яка здійснювала перезапис UA-OsUOA
Агенція, яка здійснювала модифікацію UA-OsUOA
041 ## - Код мови
Код мови тексту/ звукової доріжки чи окремого заголовка (П) rus
080 ## - Індекс Універсальної десяткової класифікації
Індекс Універсальної десяткової класифікації (УДК) (НП) 910.4(470+571)
044 ## - Код країни видавця/ виробника
Код країни видавця/ виробника (П) RU
100 ## - Основне введення – ім’я особи
Ім’я особи (НП) Авдеев В.А.
245 ## - Відомості про назву
Назва (НП) Русские землепроходцы и мореходы
Решта назви (НП) Из истории открытия и освоения Сибири и Дальнего Востока
260 ## - Публікація, розповсюдження і т.п. (Вихідні дані)
Місце публікації, розповсюдження і т.п. (П) Москва
Ім’я/ наймення видавництва, розповсюджувача і т.п. (П) Воениздат
Дата публікації, розповсюдження і т.п. (П) 1982
300 ## - Фізичний опис
Обсяг 80 с.
Інші фізичні характеристики (НП) Ілюстрації
650 #7 - Додаткове предметне введення – тематичний термін
Джерело заголовка чи терміна UDC
700 ## - Додаткове введення – ім'я особи
Ім’я особи (НП) Измайлов А.А.
700 ## - Додаткове введення – ім'я особи
Ім’я особи (НП) Измайлов А.А.
700 ## - Додаткове введення – ім'я особи
Ім’я особи (НП) Осипова М.Н.
700 ## - Додаткове введення – ім'я особи
Ім’я особи (НП) Соколов Ю.Ф.
942 ## - Додаткові елементи входу (Коха)
Тип елемента Koha Книги
955 ## - Код типу видання за змістом
Код типу видання за змістом (НП) інше
Фонди
Стан вилучень Стан втрат Джерело класифікації або схеми стелажів Стан уражень Не для кредиту Постійне місце розташування Поточне розміщення Дата придбання Інвентарний номер Усього замовленно Повний номер виклику Штрих-код Дата останнього перегляду Ціна ефективна від Тип елемента Koha
    Universal Decimal Classification     АБ - Абонемент НБ АБ - Абонемент НБ 29/10/2003 15286   910.4(470+571) А18 15286 05/07/2022 29/10/2003 Книги